Classement des GCC 1855 du Médoc - Statistiques

Statistiques générales
  • Ce quiz a été pris 234 fois
  • Le résultat moyen est 35 sur 61
Statistiques - réponses
Réponses % Correct
Margaux
93%
Latour
88%
Mouton Rothschild
88%
Haut Brion
86%
Lafite Rothschild
82%
Leoville Las Cases
77%
Leoville Poyferre
77%
Leoville Barton
74%
Ducru Beaucaillou
72%
Palmer
72%
Montrose
70%
Cantenac Brown
68%
Kirwan
67%
Rauzan Segla
67%
Brane Cantenac
65%
Cos d'Estournel
65%
Lynch Bages
65%
Giscours
63%
Gruaud Larose
63%
Lascombes
63%
Saint Pierre
63%
Issan
61%
La Lagune
60%
Beychevelle
58%
Branaire Ducru
58%
Lagrange
58%
Rauzan Gassies
58%
Talbot
58%
Boyd Cantenac
56%
Haut Bages Liberal
56%
Pontet Canet
56%
Batailley
54%
Cantemerle
54%
Durfort Vivens
54%
La Tour Carnet
54%
Desmirail
53%
Ferriere
53%
Haut Batailley
53%
Langoa Barton
53%
Malescot Saint Exupery
53%
Marquis de Terme
51%
Armailhac
49%
Dauzac
49%
Duhart Milon
49%
Grand Puy Ducasse
49%
Pedesclaux
49%
Prieure Lichine
49%
Calon Segur
47%
Grand Puy Lacoste
47%
Pouget
47%
Clerc Milon
46%
Lafon Rochet
46%
Marquis d'Alesme
46%
Tertre
46%
Cos Labory
44%
Lynch Mousas
42%
Belgrave
40%
Camensac
40%
Comtesse de Lalande
40%
Croizet Bages
37%
Baron de Pichon
28%
Aucun quiz correspondant
Distribution des résultats
% des personnes avec chaque résultat
Percentile par nombre de réponses
Votre historique - résultats
Vous n’avez pas pris ce quiz